000
00295nam a2200133Ia 4500
008
230917s9999||||xx |||||||||||||| ||und||
040
_e
136058
_a
MAIN
041
_a
English
082
_a
352.054 S64B
100
_a
Sinha
245
0
_a
Urban govts. in India
300
_a
288p p.
942
_c
BK
999
_c
182032
_d
182032